It looks like you're offline.
Open Library logo
additional options menu

MARC record from Internet Archive

LEADER: 00997nam 2200265 i 4500
001 78325027
003 DLC
005 19790208000000.0
008 790130s1977 enk bd 00010 eng
010 $a 78325027
015 $aGB***
020 $a0460030299 :$c£4.50.$a0460021915$bpbk.
050 0 $aPE1137$b.J55 1977
082 $a421/.52
100 10 $aJones, Daniel,$d1881-1967.
245 10 $aEveryman's English pronouncing dictionary :$bcontaining over 59,000 words in international phonetic transcription /$coriginally compiled by Daniel Jones ; extensively rev. and edited by A. C. Gimson.
250 $a14th ed.
260 0 $aLondon :$bDent ;$aNew York :$bDutton,$c1977.
300 $axxxii, 560 p. ;$c20 cm.
490 0 $aEveryman's reference library
504 $aBibliography: p. xxxii.
650 0 $aEnglish language$xPronunciation$xDictionaries.
650 0 $aEnglish language$xPhonetic transcriptions$xDictionaries.
700 10 $aGimson, A. C.
740 1 $aEnglish pronouncing dictionary.